000 00585nam a2200229Ia 4500
003 OSt
005 20220924153028.0
006 a|||||r|||| 00| 0
007 ta
008 220923b |||||||| |||| 00| 0 guj d
024 _a346538
037 _cTextual
040 _aARTS
_cARTS
_bguj
041 _2guj
_aguj
082 _aO156,3N02x,3, J6
100 _aAcharya Gunavantray
_9228012
245 0 _aMeenabazar
260 _c1956
650 _aGUJRATI LITERATURE
942 _hO156,3N02x,3, J6
_cTEXL
_2CC
999 _c472079
_d472079